| 000 | 00513nam a2200181 4500 | ||
|---|---|---|---|
| 003 | SEACOMMC | ||
| 005 | 20250419133707.0 | ||
| 008 | 240925b |||||||| |||| 00| 0 eng d | ||
| 020 |
_a978-81-2241-835-4 _cRs.225.00 |
||
| 040 | _aSEACOMMC | ||
| 082 |
_a363.736 _bR 215 |
||
| 100 | _aRao, C.S | ||
| 245 | 1 |
_aEnvironmental Pollution Control Engineering _cC. S. Rao |
|
| 250 | _a2nd ed. | ||
| 260 |
_a New Delhi _bNew Age International _c 2006 |
||
| 650 | _aEnvironment -- Hazardous waste management | ||
| 942 | _cBOOK | ||
| 999 |
_c598 _d598 |
||